<?xml version="1.0" encoding="UTF-8"?>
<record
    xmlns:xsi="http://www.w3.org/2001/XMLSchema-instance"
    xsi:schemaLocation="http://www.loc.gov/MARC21/slim http://www.loc.gov/standards/marcxml/schema/MARC21slim.xsd"
    xmlns="http://www.loc.gov/MARC21/slim">

  <leader>00646nas a2200193 a 4500</leader>
  <datafield tag="999" ind1=" " ind2=" ">
    <subfield code="c">5576</subfield>
    <subfield code="d">5576</subfield>
  </datafield>
  <controlfield tag="001">5576</controlfield>
  <controlfield tag="003">CDMR</controlfield>
  <controlfield tag="005">20181022123826.0</controlfield>
  <controlfield tag="008">130130d20002006sp ||||||||||||spa||||||d</controlfield>
  <datafield tag="040" ind1=" " ind2=" ">
    <subfield code="a">CDMR</subfield>
    <subfield code="b">cat</subfield>
    <subfield code="c">CDMR</subfield>
  </datafield>
  <datafield tag="245" ind1="0" ind2="0">
    <subfield code="a">Hoja del lunes de Alicante</subfield>
  </datafield>
  <datafield tag="260" ind1=" " ind2=" ">
    <subfield code="b">Asociaci&#xF3;n de la Prensa de Alicante</subfield>
    <subfield code="c">2000-2006</subfield>
  </datafield>
  <datafield tag="300" ind1=" " ind2=" ">
    <subfield code="a">v.</subfield>
  </datafield>
  <datafield tag="362" ind1=" " ind2=" ">
    <subfield code="a">N&#xFA;m. 1 (febr. 2000) - n&#xFA;m. 6 (gener 2001) ; 3a &#xE8;poca, n&#xFA;m. 1 (gener 2004) - n&#xFA;m. 22 (febr. 2006)</subfield>
  </datafield>
  <datafield tag="650" ind1="0" ind2="4">
    <subfield code="9">4590</subfield>
    <subfield code="a">Periodisme</subfield>
    <subfield code="z">Alacant (Pa&#xED;s Valenci&#xE0;)</subfield>
    <subfield code="v">Revistes</subfield>
  </datafield>
  <datafield tag="650" ind1="0" ind2="4">
    <subfield code="9">4580</subfield>
    <subfield code="a">Butlletins d'informaci&#xF3;</subfield>
  </datafield>
  <datafield tag="710" ind1="2" ind2=" ">
    <subfield code="9">3889</subfield>
    <subfield code="a">Asociaci&#xF3;n de la Prensa de Alicante</subfield>
  </datafield>
  <datafield tag="856" ind1=" " ind2=" ">
    <subfield code="u">http://www.hojadellunes.com/</subfield>
    <subfield code="y">Disponible en l&#xED;nia</subfield>
  </datafield>
  <datafield tag="942" ind1=" " ind2=" ">
    <subfield code="c">SER</subfield>
    <subfield code="2">udc</subfield>
  </datafield>
  <datafield tag="952" ind1=" " ind2=" ">
    <subfield code="0">0</subfield>
    <subfield code="1">0</subfield>
    <subfield code="4">0</subfield>
    <subfield code="7">0</subfield>
    <subfield code="a">CDMR</subfield>
    <subfield code="b">CDMR</subfield>
    <subfield code="d">2013-01-16</subfield>
    <subfield code="h">N&#xFA;m. 1 (febr. 2000) - N&#xFA;m. 6 (gen. 2001)</subfield>
    <subfield code="l">0</subfield>
    <subfield code="r">2013-06-27</subfield>
    <subfield code="w">2013-06-27</subfield>
    <subfield code="y">SER</subfield>
  </datafield>
  <datafield tag="952" ind1=" " ind2=" ">
    <subfield code="0">0</subfield>
    <subfield code="1">0</subfield>
    <subfield code="4">0</subfield>
    <subfield code="7">0</subfield>
    <subfield code="a">CDMR</subfield>
    <subfield code="b">CDMR</subfield>
    <subfield code="d">2013-01-16</subfield>
    <subfield code="h">N&#xFA;m. 1 (gen. 2004) - N&#xFA;m. 22 (febr. 2006)</subfield>
    <subfield code="l">0</subfield>
    <subfield code="r">2013-06-27</subfield>
    <subfield code="w">2013-06-27</subfield>
    <subfield code="y">SER</subfield>
    <subfield code="z">No hi s&#xF3;n: n&#xFA;m. 3, 6, 13 i 14</subfield>
  </datafield>
</record>
